000 00647nam a2200277Ia 4500
005 20260324114219.0
008 008 260324s9999 xx 000 0 eng d
020 _a9780367808259
037 _aEBOOK
040 _aCRL
040 _beng
040 _cCRL
041 _2eng
041 _aeng
084 _qCRL
100 _aPaul H. Silverstone
_91149887
245 4 _aThe Navy of the 21st Century, 2001-2022
260 _bTaylor and Francis
260 _c2023
365 _a
365 _b315
856 _uhttp://www.taylorfrancis.com/books/9780367808259
942 _cEBOOK
999 _c1739939
_d1739939